000 00651nam a2200193Ii 4500
003 JO-AjNU
008 230605s9999||||xx |||||||||||||| ||und||
040 _aJO-AjNU
_bara
_erda
_cJO-AjNU
041 _aara
050 1 4 _aTC205.U2245 1982
100 3 _aعبيدو، ابراهيم,
_eauthor
_951473
245 0 0 _aهندسة الموانئ والمنشات البحرية، ج2
264 3 1 _aبيروت:منشورات الراتب، 1982
300 _aج2، 350ص
_bصور توضيحية
336 _atext
_btxt
_2rdacontent
337 _aunmediated
_bn
_2rdamedia
338 _avolume
_bnc
_2rdacarrier
650 4 _aهندسة الموانئ
_951474
999 _aA22739
_c26307
_d26307